Países más cercanos a Barbados - ¡Muerte súbita! - Estadísticas

Estadísticas generales
  • Esta prueba ha sido intentada 13 veces
  • La puntuación promedio es 9 de 15
Answers on the Grid
Answers color-coded by a green-red scale on the quiz's grid according to % correct below.
Santa Lucía
San Vicente y las Granadinas
Granada
Trinidad y Tobago
Dominica
Venezuela
Antigua y Barbuda
Guyana
San Cristóbal y Nieves
Surinam
Brasil
República Dominicana
Colombia
Haití
Bahamas
Cuba
Jamaica
Estados Unidos
Canadá
México
Guatemala
El Salvador
Belice
Honduras
Nicaragua
Costa Rica
Panamá
Ecuador
Bolivia
Perú
 
Estadísticas de respuestas
Respuesta % Correcto
Granada
91%
San Cristóbal y Nieves
73%
Santa Lucía
73%
San Vicente y las Granadinas
73%
Trinidad y Tobago
73%
Antigua y Barbuda
64%
Dominica
64%
República Dominicana
64%
Bahamas
55%
Guyana
55%
Haití
55%
Surinam
45%
Brasil
36%
Venezuela
36%
Colombia
27%
No se encontraron pruebas coincidentes
Distribución de puntuación
Porcentaje de gente con cada puntuación
Porcentaje por número respondido
Historial de tus puntuaciones
No has intentado esta prueba.